| 000 | 02070nam a22003378a 4500 | ||
|---|---|---|---|
| 001 | CR9780511780103 | ||
| 003 | UkCbUP | ||
| 005 | 20180107143413.0 | ||
| 006 | m|||||o||d|||||||| | ||
| 007 | cr|||||||||||| | ||
| 008 | 100519s2010||||enk s ||1 0|eng|d | ||
| 020 | _a9780511780103 (ebook) | ||
| 020 | _z9780521783361 (hardback) | ||
| 020 | _z9780521789455 (paperback) | ||
| 040 |
_aUkCbUP _cUkCbUP _erda |
||
| 050 | 0 | 0 |
_aDF99 _b.N47 2010 |
| 082 | 0 | 0 |
_a392.3/60938 _222 |
| 100 | 1 |
_aNevett, Lisa C., _eauthor. |
|
| 245 | 1 | 0 |
_aDomestic Space in Classical Antiquity / [electronic resource] _cLisa C. Nevett. |
| 264 | 1 |
_aCambridge : _bCambridge University Press, _c2010. |
|
| 300 |
_a1 online resource (198 pages) : _bdigital, PDF file(s). |
||
| 336 |
_atext _btxt _2rdacontent |
||
| 337 |
_acomputer _bc _2rdamedia |
||
| 338 |
_aonline resource _bcr _2rdacarrier |
||
| 490 | 0 | _aKey Themes in Ancient History | |
| 500 | _aTitle from publisher's bibliographic system (viewed on 09 Oct 2015). | ||
| 520 | _aHousing is shaped by culturally-specific expectations about the kinds of architecture and furnishings that are appropriate; about how and where different activities should be carried out; and by and with whom. It is those expectations, and the wider social and cultural systems of which they are a part, that are explored in this volume. At the same time, the book as a whole argues two larger points: first, that while houses, households and families have in recent years become increasingly important as objects of inquiry in Greek and Roman contexts, their potential as sources of information about broader social-historical issues has yet to be fully realised; and second, that greater weight and independence should be given to material culture as a source for studying ancient history. The book will be invaluable for upper-level undergraduates, graduate students and scholars. | ||
| 776 | 0 | 8 |
_iPrint version: _z9780521783361 |
| 830 | 0 | _aKey Themes in Ancient History. | |
| 856 | 4 | 0 |
_uhttp://dx.doi.org/10.1017/CBO9780511780103 _zCambridge Books Online |
| 999 |
_c236571 _d236571 |
||